1334 1541 1775 1742 1750 1773 1245 1471 1815 1932 1230 1746 1566 1907 1080 1130 1356 2000 1641 1455 1748 1806 1254 1826 1488 1300 1171 1554 1588 1118 1239 1083 1919 1725 1824 1951 1408 1564 1033 1732 1147 1239 1078 1055 1254 1335 1422 1088 1501 1901 1994 1896 1608 1064 1850 1162 1829 1315 1196 1574 1545 1945 1328 1308 1846 1154 1060 1240 1510 1309 1101 1357 1875 1839 1043 1521 1322 1556 1498 1479 1073 1183 1683 1802 1729 1554 1583 1762 1583 1528 1012 1216 1515 1985 1636 1356 1097 1843 1963 BCNSPRNW ULIB Ver.6.0+V

เปลี่ยนเป็นภาษาไทย

Change to English
 แสดงรายละเอียดบรรณานุกรม
  กลับหน้าหลัก

Brief Record : Get Marc (ISO 2709) : E-mail record : QR code < ปิดหน้าต่าง
LEADER : 00000nam 2200000uu 4500
001    13399123201
003     ULIB
008    140704s2551 th a 000 0 tha d
020    9789748458250
090    นว.^bT111ห
100    Tajmahal
245    ห้ามไม่ทันดันรักเธอ /^cTajmahal
260    กรุงเทพฯ :^b1168Publishing,^c2551
300    233 หน้า
710    1168Publishing
945    ^p169^l0^i20337
999    ^aทศพร เกษรทอง
รายการนี้ยังไม่มีแท็ก
คุณยังไม่ได้ล็อกอิน คุณสามารถมีกิจกรรมร่วมกับเว็บไซต์ได้ แต่ต้องล็อกอินก่อน ::
  ล็อกอิน

รายการสื่อสารสนเทศ

ลำดับที่ ประเภท เลขเรียก/บาร์โค้ด สถานที่ สถานะ
1. นวนิยาย
นวนิยาย
นว. T111ห ฉ.1 
  Barcode: 20337
ห้องสมุดวิทยาเขตนครสวรรค์
►นวนิยาย:l:Fiction
บนชั้น
Note:บริจาค

BibComment


ยังไม่เคยถูกคอมเมนท์

คอมเมนท์ทรัพยากรรายการนี้
  คอมเมนท์: ห้ามไม่ทันดันรักเ..


 Copyright 2026. Bcnsprnw @Library